Safer places (Record no. 109499)
[ view plain ]
| 000 -LEADER | |
|---|---|
| fixed length control field | 01789cad a22002535a 4500 |
| 001 - CONTROL NUMBER | |
| control field | L147260 |
| 008 - FIXED-LENGTH DATA ELEMENTS--GENERAL INFORMATION | |
| fixed length control field | 090422s2009 xxko f 000 0 eng u |
| 020 ## - INTERNATIONAL STANDARD BOOK NUMBER | |
| International Standard Book Number | 9781847268389 |
| 035 ## - SYSTEM CONTROL NUMBER | |
| System control number | (Sirsi) u147260 |
| 041 ## - LANGUAGE CODE | |
| Language code of text/sound track or separate title | eng |
| 050 04 - LIBRARY OF CONGRESS CALL NUMBER | |
| Classification number | 363.325 $2 22 |
| 110 1# - MAIN ENTRY--CORPORATE NAME | |
| Corporate name or jurisdiction name as entry element | United Kingdom |
| Subordinate unit | Home Office |
| 9 (RLIN) | 4882 |
| 245 00 - TITLE STATEMENT | |
| Title | Safer places |
| Remainder of title | a counter terrorism supplement: a consultation document |
| Medium | [electronic resource] |
| 260 ## - PUBLICATION, DISTRIBUTION, ETC. | |
| Place of publication, distribution, etc. | London |
| Name of publisher, distributor, etc. | Home Office |
| Date of publication, distribution, etc. | 2009 |
| 505 2# - FORMATTED CONTENTS NOTE | |
| Formatted contents note | Scope of the consultation -- Basic information -- Background -- Ministerial foreword -- Section 1: The role of counter terrorism in creating safer places -- Section 2: Counter terrorism and urban design principles -- Section 3: How to respond to the consultation -- Annexes |
| 520 ## - SUMMARY, ETC. | |
| Summary, etc. | In view of the high level of threat of terrorism, the Government published the draft guidance "Working together to protect crowded places" and this supplement. This consultation paper seeks views of those involved in the built environment, from planning to development, in regard to the Government's plan of action to counter terrorism. Provides information on how counter-terrorism measures can be integrated into planning developments. Presents the roles of key partners in helping reduce vulnerability of crowded places. This draft guidance is accompanied by the document "Working together to protect crowded places" (see L147259). |
| 520 ## - SUMMARY, ETC. | |
| Summary, etc. | Responses to this consultation must be received by 10 July 2009. |
| 521 ## - TARGET AUDIENCE NOTE | |
| Target audience note | Advanced |
| 590 ## - LOCAL NOTE (RLIN) | |
| Local note | KA NTK |
| 651 #4 - SUBJECT ADDED ENTRY--GEOGRAPHIC NAME | |
| Geographic name | England |
| Chronological subdivision | 886- |
| 690 ## - LOCAL SUBJECT ADDED ENTRY--TOPICAL TERM (OCLC, RLIN) | |
| Topical term or geographic name as entry element | MANAGEMENT-HEALTH AND SAFETY-PUBLIC HEALTH AND SAFETY |
| 856 40 - ELECTRONIC LOCATION AND ACCESS | |
| Uniform Resource Identifier | <a href="https://www.homeoffice.gov.uk/documents/cons-2009-crowded-places/">https://www.homeoffice.gov.uk/documents/cons-2009-crowded-places/</a> |
| Public note | View the consultation document free of charge at www.homeoffice.gov.uk... |
| 942 ## - ADDED ENTRY ELEMENTS (KOHA) | |
| Suppress in OPAC | 0 |
| Withdrawn status | Lost status | Source of classification or shelving scheme | Damaged status | Not for loan | Home library | Current library | Shelving location | Date acquired | Total Checkouts | Full call number | Barcode | Date last seen | Copy number | Price effective from | Koha item type |
|---|---|---|---|---|---|---|---|---|---|---|---|---|---|---|---|
| Dewey Decimal Classification | Virtual | Virtual | Online | 22/04/2009 | ONLINE PUBLICATION | 147260-2001 | 06/08/2019 | 1 | 06/08/2019 | Book |